000 00540nam a2200217Ia 4500
003 OSt
005 20220928150038.0
006 a|||||r|||| 00| 0
007 ta
008 220927b |||||||| |||| 00| 0 eng d
024 _a86833
037 _cTextual
040 _aSDCL
_cSDCL
_beng
041 _2eng
_aeng
082 _aX:8, N6
100 _aSalmon Robert
_9515034
245 0 _aFuture of management
_b All roads lead to man
260 _c1996
942 _hX:8, N6
_cTEXL
_2CC
999 _c838869
_d838869